[Event "Guernsey Holiday 2011"]
[Site "Guernsey, Channel Islands"]
[Date "2011.10.19"]
[Round "4"]
[White "Kaye, Mike"]
[Black "Gibzinski, Stanislaw"]
[Result "1-0"]
[WhiteElo "1400"]
[BlackElo "1216"]
[PlyCount "61"]
[EventDate "2011.10.16"]
[EventType "swiss"]
[EventRounds "7"]
[SourceDate "2011.11.16"]

1. d4 d5 2. e3 e6 3. Bd3 c5 4. c3 Nc6 5. Nf3 Bd7 6. Ne5 cxd4 7. cxd4 Nxe5 8.
dxe5 Qg5 9. O-O Qxe5 10. Nd2 Nf6 11. Nf3 Qh5 12. h3 Bd6 13. Nh2 Rc8 14. Qxh5
Nxh5 15. Bd2 a6 16. Bc3 Nf6 17. a3 e5 18. Rad1 h5 19. Bb1 g5 20. Nf3 Ba4 21.
Rc1 Ne4 22. Bxe5 Rxc1 23. Rxc1 Rh6 24. Bxe4 dxe4 25. Nxg5 Bxe5 26. Nxe4 Bxb2
27. Rb1 Rb6 28. Nf6+ Kd8 29. Nxh5 Kc7 30. Nf4 Bxa3 31. Nd5+ 1-0

[Event "Guernsey Holiday 2011"]
[Site "Guernsey, Channel Islands"]
[Date "2011.10.19"]
[Round "4"]
[White "Brown, Jim"]
[Black "Le Maitre, Richard"]
[Result "0-1"]
[WhiteElo "1272"]
[BlackElo "1418"]
[PlyCount "112"]
[EventDate "2011.10.16"]
[EventType "swiss"]
[EventRounds "7"]
[SourceDate "2011.11.16"]

1. Nf3 d5 2. d4 Nf6 3. e3 g6 4. b3 Bg7 5. Bb2 Nc6 6. Nbd2 Bg4 7. Be2 O-O 8. O-O
a6 9. a3 b5 10. b4 Re8 11. Ne5 Bxe2 12. Qxe2 Nxe5 13. dxe5 Nd7 14. Nf3 e6 15.
h3 c5 16. Bc3 c4 17. Bd4 Qc7 18. c3 Nxe5 19. Nxe5 Bxe5 20. f4 Bxd4 21. exd4 a5
22. Qe5 Qd8 23. g3 Qb8 24. h4 Qxe5 25. fxe5 Re7 26. Rf2 Rea7 27. Rb2 Kg7 28.
bxa5 Rxa5 29. Rba2 Rb8 30. Rb1 Rba8 31. Rba1 h5 32. Kf2 Rf8 33. Kg2 f6 34. Rf1
f5 35. Rf4 Rfa8 36. Rff2 Rxa3 37. Rxa3 Rxa3 38. Rc2 Rb3 39. Kf2 b4 40. cxb4
Rxb4 41. Ra2 Rb7 42. Ke2 Rc7 43. Kd1 Rb7 44. Kc1 Kh6 45. Ra6 Re7 46. Ra8 g5 47.
Rh8+ Rh7 48. hxg5+ Kg6 49. Rg8+ Rg7 50. Rf8 Kxg5 51. Rf6 Rg6 52. Rf7 Kg4 53.
Rh7 Kxg3 54. Rxh5 f4 55. Rh8 Kf3 56. Rh3+ Kg2 0-1

[Event "Guernsey Holiday 2011"]
[Site "Guernsey, Channel Islands"]
[Date "2011.10.19"]
[Round "4"]
[White "Herschmann, Heinz"]
[Black "Van Beek, Ronald"]
[Result "1/2-1/2"]
[WhiteElo "1440"]
[BlackElo "1374"]
[PlyCount "82"]
[EventDate "2011.10.16"]
[EventType "swiss"]
[EventRounds "7"]
[SourceDate "2011.11.16"]

1. e4 e6 2. d4 d5 3. exd5 exd5 4. Nf3 Nc6 5. Bf4 Bd6 6. Bxd6 Qxd6 7. c3 Nf6 8.
Be2 O-O 9. O-O a6 10. Nbd2 Re8 11. Re1 Bf5 12. Nf1 b5 13. Ng3 Bg6 14. Bd3 Rxe1+
15. Nxe1 Ne7 16. Bxg6 Nxg6 17. Nh5 Re8 18. Nxf6+ Qxf6 19. Qf3 Qe6 20. g3 c6 21.
Kf1 a5 22. Nd3 Qe4 23. Qxe4 dxe4 24. Re1 Kf8 25. Nc5 f5 26. a3 Ne7 27. Kg2 Nd5
28. Nd7+ Ke7 29. Ne5 Kd6 30. Nf7+ Kc7 31. Ng5 h6 32. Nh3 g5 33. Ng1 Kd7 34. Kf1
e3 35. Re2 exf2 36. Kxf2 f4 37. Rxe8 Kxe8 38. gxf4 Nxf4 39. Ke3 Ke7 40. Nf3 Ke6
41. Ke4 Ng6 1/2-1/2

[Event "Guernsey Holiday 2011"]
[Site "Guernsey, Channel Islands"]
[Date "2011.10.20"]
[Round "5"]
[White "Haisma, Henk"]
[Black "Ruigrok, Jacques"]
[Result "1/2-1/2"]
[WhiteElo "1709"]
[BlackElo "1760"]
[PlyCount "56"]
[EventDate "2011.10.16"]
[EventType "swiss"]
[EventRounds "7"]
[SourceDate "2011.11.16"]

1. b4 e5 2. Bb2 Bxb4 3. Bxe5 Nf6 4. e3 Nc6 5. Bb2 O-O 6. Nf3 Re8 7. a3 Ba5 8.
Be2 d6 9. O-O Bg4 10. d3 Qe7 11. Nbd2 Bxd2 12. Qxd2 Ne5 13. Nxe5 dxe5 14. e4
Rad8 15. Qe3 Bxe2 16. Qxe2 Nd7 17. f4 f6 18. Kh1 c5 19. Qe3 Nb8 20. fxe5 fxe5
21. Rf2 Rf8 22. Raf1 Rxf2 23. Rxf2 Nc6 24. Qg3 Nd4 25. c3 Nc6 26. Bc1 Rf8 27.
Be3 b6 28. Kg1 Rxf2 1/2-1/2

[Event "Guernsey Holiday 2011"]
[Site "Guernsey, Channel Islands"]
[Date "2011.10.20"]
[Round "5"]
[White "Smith, David"]
[Black "Kearsley, Raymond J"]
[Result "1/2-1/2"]
[WhiteElo "1708"]
[BlackElo "1760"]
[PlyCount "73"]
[EventDate "2011.10.16"]
[EventType "swiss"]
[EventRounds "7"]
[SourceDate "2011.11.16"]

1. d4 Nf6 2. Nf3 g6 3. Bf4 Bg7 4. e3 O-O 5. c3 Nh5 6. Bg3 Nxg3 7. hxg3 d6 8.
Bd3 Nd7 9. Qc2 e5 10. Nbd2 exd4 11. cxd4 c5 12. O-O cxd4 13. Nxd4 Ne5 14. Be2
Bd7 15. Rac1 Rc8 16. Qb3 Nc6 17. N2f3 Re8 18. Bc4 Qe7 19. Rfd1 Na5 20. Qd3 Nxc4
21. Rxc4 d5 22. Rc2 Rxc2 23. Qxc2 Rc8 24. Qd2 Qc5 25. Nb3 Qc2 26. Nfd4 Qxd2 27.
Rxd2 Bf8 28. Rc2 Rc4 29. Nd2 Rxc2 30. Nxc2 Bf5 31. Nd4 Bd3 32. N2f3 a5 33. Ne5
Bb1 34. a3 Bd6 35. Nd7 Bd3 36. Nf6+ Kh8 37. Nxd5 1/2-1/2

[Event "Guernsey Holiday 2011"]
[Site "Guernsey, Channel Islands"]
[Date "2011.10.20"]
[Round "5"]
[White "Hoogakker, Peter"]
[Black "Borland, Thomas E"]
[Result "1/2-1/2"]
[WhiteElo "1754"]
[BlackElo "1623"]
[PlyCount "37"]
[EventDate "2011.10.16"]
[EventType "swiss"]
[EventRounds "7"]
[SourceDate "2011.11.16"]

1. e4 e5 2. Bc4 Nf6 3. d3 c6 4. Nf3 d5 5. exd5 cxd5 6. Bb3 Nc6 7. O-O Bd6 8.
Bg5 Be6 9. Nc3 Bc7 10. Re1 a6 11. Bh4 O-O 12. Bxf6 gxf6 13. h3 Nd4 14. Nxd4
exd4 15. Ne2 Qd6 16. Nxd4 Kh8 17. Nxe6 fxe6 18. Qf3 Rae8 19. c4 1/2-1/2

[Event "Guernsey Holiday 2011"]
[Site "Guernsey, Channel Islands"]
[Date "2011.10.20"]
[Round "5"]
[White "Baart, Edwin R"]
[Black "Hamann, Marcus"]
[Result "0-1"]
[WhiteElo "1687"]
[BlackElo "1728"]
[PlyCount "84"]
[EventDate "2011.10.16"]
[EventType "swiss"]
[EventRounds "7"]
[SourceDate "2011.11.16"]

1. d4 d5 2. Nf3 Nf6 3. c4 c6 4. Nc3 e6 5. Bg5 Nbd7 6. Qc2 Be7 7. e3 O-O 8. Bd3
h6 9. Bh4 dxc4 10. Bxc4 b5 11. Bd3 Bb7 12. O-O a6 13. Rfd1 Nh5 14. Bxe7 Qxe7
15. Ne4 Nhf6 16. Nc5 Nxc5 17. dxc5 Rfd8 18. Rd2 Rd5 19. b4 a5 20. e4 Rdd8 21.
Qc3 axb4 22. Qc2 Ra3 23. Rad1 Rc3 24. Qb1 Qxc5 25. e5 Nd5 26. Be4 Ra8 27. Nd4
Rc4 28. Nb3 Qe7 29. Bxd5 cxd5 30. Nd4 Qd7 31. Rd3 Ra4 32. Rg3 Bc6 33. f4 Qa7
34. Rgd3 Rxa2 35. Kh1 Be8 36. f5 exf5 37. Nxf5 Rcc2 38. Rg3 g6 39. Qxb4 Ra1 40.
Qg4 Kf8 41. h4 Rxd1+ 42. Qxd1 Qf2 0-1

[Event "Guernsey Holiday 2011"]
[Site "Guernsey, Channel Islands"]
[Date "2011.10.20"]
[Round "5"]
[White "Savident, David B"]
[Black "Guttridge, David"]
[Result "1/2-1/2"]
[WhiteElo "1590"]
[BlackElo "1704"]
[PlyCount "56"]
[EventDate "2011.10.16"]
[EventType "swiss"]
[EventRounds "7"]
[SourceDate "2011.11.16"]

1. e4 e6 2. b3 c5 3. Bb2 Nc6 4. Nc3 d6 5. Nf3 Nf6 6. d3 a6 7. a4 b6 8. g3 Bb7
9. Bg2 Qc7 10. O-O O-O-O 11. Re1 h6 12. Qe2 d5 13. exd5 Nxd5 14. Nxd5 Rxd5 15.
Ne5 Nd4 16. Bxd4 Rxd4 17. Bxb7+ Qxb7 18. Qf3 Qxf3 19. Nxf3 Rd7 20. Ne5 Rb7 21.
Re3 Bd6 22. Nc4 Be7 23. Rf3 Rf8 24. Re1 Kc7 25. h4 Bf6 26. Ne5 Kd6 27. Ng4 Bc3
28. Rd1 Ra7 1/2-1/2

[Event "Guernsey Holiday 2011"]
[Site "Guernsey, Channel Islands"]
[Date "2011.10.20"]
[Round "5"]
[White "Kershaw, Graham J"]
[Black "Harnden, Terry"]
[Result "0-1"]
[WhiteElo "1760"]
[BlackElo "1423"]
[PlyCount "44"]
[EventDate "2011.10.16"]
[EventType "swiss"]
[EventRounds "7"]
[SourceDate "2011.11.16"]

1. e4 c5 2. Nf3 d6 3. d4 cxd4 4. Nxd4 Nf6 5. Nc3 g6 6. f4 Bg7 7. Be2 O-O 8. Be3
Nc6 9. O-O Bd7 10. h3 a6 11. Bf3 Rc8 12. Qd2 Na5 13. Qd3 Nc4 14. Bc1 e5 15.
Nde2 Bh6 16. b3 Qb6+ 17. Kh2 Na5 18. fxe5 Bxc1 19. Raxc1 dxe5 20. Nd5 Nxd5 21.
exd5 Qd6 22. c4 e4+ 0-1

[Event "Guernsey Holiday 2011"]
[Site "Guernsey, Channel Islands"]
[Date "2011.10.20"]
[Round "5"]
[White "Norman, Dinah M"]
[Black "Nalichowski, Bogdan"]
[Result "1/2-1/2"]
[WhiteElo "1760"]
[BlackElo "1626"]
[PlyCount "74"]
[EventDate "2011.10.16"]
[EventType "swiss"]
[EventRounds "7"]
[SourceDate "2011.11.16"]

1. d4 d5 2. Nf3 Bg4 3. e3 e6 4. c4 dxc4 5. Bxc4 Nf6 6. Nc3 c6 7. Be2 h6 8. Bd2
b5 9. a3 a5 10. O-O Bd6 11. e4 Bc7 12. Be3 O-O 13. Qc2 Bh5 14. h3 Bg6 15. Bd3
Nh5 16. e5 Bxd3 17. Qxd3 g5 18. Qe4 f5 19. exf6 Qxf6 20. Ne5 Qf5 21. Qxf5 exf5
22. f4 gxf4 23. Bxf4 Kg7 24. Nd3 Nxf4 25. Nxf4 Bxf4 26. Rxf4 Nd7 27. d5 cxd5
28. Nxd5 Rf7 29. Raf1 Kg6 30. Rxf5 Rxf5 31. Ne7+ Kg7 32. Nxf5+ Kg6 33. Ne7+ Kg7
34. Nc6 Kg6 35. g4 Ra6 36. Ne7+ Kg7 37. Nf5+ Kg6 1/2-1/2

[Event "Guernsey Holiday 2011"]
[Site "Guernsey, Channel Islands"]
[Date "2011.10.20"]
[Round "5"]
[White "Brooker, Chris H"]
[Black "Dokter, Marike"]
[Result "1-0"]
[WhiteElo "1712"]
[BlackElo "1570"]
[PlyCount "43"]
[EventDate "2011.10.16"]
[EventType "swiss"]
[EventRounds "7"]
[SourceDate "2011.11.16"]

1. f4 d5 2. b3 Nf6 3. e3 c5 4. Nf3 Nc6 5. Bb5 Bd7 6. Bb2 e6 7. O-O a6 8. Bxc6
Bxc6 9. Ne5 Rc8 10. d3 b5 11. Nd2 h5 12. Rf3 d4 13. e4 Bd6 14. Nxc6 Rxc6 15. e5
Bxe5 16. fxe5 Ng4 17. Qe1 h4 18. h3 Ne3 19. Rxe3 dxe3 20. Qxe3 Rh5 21. Qf3 Rf5
22. Qxc6+ 1-0

[Event "Guernsey Holiday 2011"]
[Site "Guernsey, Channel Islands"]
[Date "2011.10.20"]
[Round "5"]
[White "Vonhoff, Joerg"]
[Black "Williams, Peter D"]
[Result "1-0"]
[WhiteElo "1543"]
[BlackElo "1704"]
[PlyCount "127"]
[EventDate "2011.10.16"]
[EventType "swiss"]
[EventRounds "7"]
[SourceDate "2011.11.16"]

1. e4 c5 2. Nf3 d6 3. d4 cxd4 4. Nxd4 Nf6 5. Nc3 g6 6. Be3 Bg7 7. Be2 Nc6 8. g4
h5 9. gxh5 Nxh5 10. Nxc6 bxc6 11. Qd2 Qa5 12. Bd4 Bxd4 13. Qxd4 Nf6 14. a3 Qb6
15. Qxb6 axb6 16. b4 Bg4 17. f3 Bd7 18. Kf2 Kf8 19. a4 Kg7 20. Nd1 Ra7 21. c4
Nh5 22. Ke3 f5 23. Nc3 f4+ 24. Kf2 Nf6 25. b5 c5 26. Bd3 Be8 27. Kg2 Bf7 28.
Rhe1 Nd7 29. Nd5 Bxd5 30. exd5 Ne5 31. Be2 Rha8 32. Bd1 Nxc4 33. Kf2 Ne5 34.
Bc2 Rh8 35. Rh1 Rh3 36. Be4 Rh8 37. Bc2 Nc4 38. Rag1 Rh6 39. h4 Ne3 40. Bb1
Rxa4 41. h5 Rd4 42. Ke2 Nxd5 43. Bxg6 Nc3+ 44. Ke1 Rd1+ 45. Kf2 Rxg1 46. Rxg1
Kf6 47. Rc1 Nxb5 48. Rb1 Nc7 49. Rxb6 Ne6 50. Rb8 d5 51. Ke2 c4 52. Rc8 Ke5 53.
Kf2 Nd4 54. Kg2 e6 55. Kh3 Kf6 56. Kg4 e5 57. Rf8+ Kg7 58. Rf7+ Kg8 59. Re7 e4
60. fxe4 dxe4 61. Rxe4 Nc6 62. Kxf4 c3 63. Kg5 Rh8 64. h6 1-0

[Event "Guernsey Holiday 2011"]
[Site "Guernsey, Channel Islands"]
[Date "2011.10.20"]
[Round "5"]
[White "Roberts, Malcolm A"]
[Black "Naldrett, Geoffrey W"]
[Result "1/2-1/2"]
[WhiteElo "1760"]
[BlackElo "1584"]
[PlyCount "64"]
[EventDate "2011.10.16"]
[EventType "swiss"]
[EventRounds "7"]
[SourceDate "2011.11.16"]

1. e4 c6 2. Nf3 d5 3. exd5 cxd5 4. d4 Bf5 5. Nc3 a6 6. Bd3 Bxd3 7. Qxd3 e6 8.
O-O Nf6 9. Re1 Be7 10. h3 O-O 11. Bd2 Nbd7 12. Re2 Nb6 13. b3 Rc8 14. Rae1 Bb4
15. Nd1 Bxd2 16. Qxd2 Qc7 17. Ne5 Nbd7 18. Qd3 Nxe5 19. dxe5 Ne4 20. f4 Nc3 21.
Nxc3 Qxc3 22. Rd1 Qa5 23. a4 Rc3 24. Qd4 Rfc8 25. Rdd2 Qc5 26. Qxc5 R8xc5 27.
Kf1 Kf8 28. Ke1 Ke7 29. Kd1 Kd7 30. Rd4 b5 31. Red2 Kc6 32. a5 g6 1/2-1/2

[Event "Guernsey Holiday 2011"]
[Site "Guernsey, Channel Islands"]
[Date "2011.10.20"]
[Round "5"]
[White "Collins, Alan"]
[Black "Bateman, Kerry"]
[Result "1-0"]
[WhiteElo "1736"]
[BlackElo "1525"]
[PlyCount "70"]
[EventDate "2011.10.16"]
[EventType "swiss"]
[EventRounds "7"]
[SourceDate "2011.11.16"]

1. d4 Nf6 2. Nf3 c5 3. c3 cxd4 4. cxd4 d6 5. Bf4 Nc6 6. e3 Bd7 7. Nc3 a6 8. Bd3
Rc8 9. h3 Nb4 10. O-O Nfd5 11. Nxd5 Nxd3 12. Qxd3 Bb5 13. Qd2 Bxf1 14. Kxf1 e6
15. Nc3 Qa5 16. Rc1 d5 17. Ne2 Rxc1+ 18. Qxc1 Be7 19. Qc8+ Bd8 20. Qxb7 Qxa2
21. Qc6+ Ke7 22. Bd6+ Kf6 23. Ba3 Ba5 24. g4 Qb1+ 25. Kg2 Qd3 26. Qd6 g5 27.
Qe7+ Kg7 28. Qxg5+ Qg6 29. Qe5+ Qf6 30. Qd6 h5 31. g5 Qg6 32. Qxa6 Bd8 33. h4
Qe4 34. Qd6 Kg6 35. Ng3 Qg4 1-0

[Event "Guernsey Holiday 2011"]
[Site "Guernsey, Channel Islands"]
[Date "2011.10.20"]
[Round "5"]
[White "Beadle, John"]
[Black "Newrick, William"]
[Result "1-0"]
[WhiteElo "1720"]
[BlackElo "1389"]
[PlyCount "49"]
[EventDate "2011.10.16"]
[EventType "swiss"]
[EventRounds "7"]
[SourceDate "2011.11.16"]

1. e4 c5 2. Nf3 Nc6 3. d4 cxd4 4. Nxd4 Nf6 5. Nc3 e5 6. Ndb5 a6 7. Nd6+ Bxd6 8.
Qxd6 Qe7 9. Qd1 Qb4 10. a3 Qd4 11. Be3 Qxd1+ 12. Rxd1 O-O 13. Bc5 Re8 14. Bc4
b6 15. Bd6 Nd4 16. Rd2 Bb7 17. f3 Bc6 18. O-O b5 19. Ba2 a5 20. f4 exf4 21.
Rxd4 Nxe4 22. Nxe4 Rxe4 23. Rxf4 Rxd4 24. Bxf7+ Kh8 25. Rxd4 1-0

[Event "Guernsey Holiday 2011"]
[Site "Guernsey, Channel Islands"]
[Date "2011.10.20"]
[Round "5"]
[White "Kaye, Mike"]
[Black "Onwezen, Eric"]
[Result "0-1"]
[WhiteElo "1400"]
[BlackElo "1720"]
[PlyCount "32"]
[EventDate "2011.10.16"]
[EventType "swiss"]
[EventRounds "7"]
[SourceDate "2011.11.16"]

1. d4 d5 2. Nf3 f5 3. e3 e6 4. Nbd2 c6 5. Ne5 Nf6 6. Be2 Bd6 7. c4 Bxe5 8. dxe5
Ne4 9. Bh5+ g6 10. Bf3 Nd7 11. g3 Nxe5 12. cxd5 exd5 13. Nxe4 fxe4 14. Be2 Bh3
15. Qd4 Qf6 16. Rg1 O-O 0-1

[Event "Guernsey Holiday 2011"]
[Site "Guernsey, Channel Islands"]
[Date "2011.10.20"]
[Round "5"]
[White "Jongerius, Marc"]
[Black "Cox, Reginald E"]
[Result "1-0"]
[WhiteElo "1643"]
[BlackElo "1312"]
[PlyCount "49"]
[EventDate "2011.10.16"]
[EventType "swiss"]
[EventRounds "7"]
[SourceDate "2011.11.16"]

1. e4 d6 2. d4 Nf6 3. Nc3 e5 4. Nf3 exd4 5. Nxd4 Be7 6. Be2 O-O 7. O-O a6 8.
Be3 Nbd7 9. Nf5 Ne5 10. Nxe7+ Qxe7 11. Bg5 c6 12. f4 Ng6 13. Qd4 c5 14. Bxf6
Qxf6 15. Qxf6 gxf6 16. Rf3 Bg4 17. Rg3 Bxe2 18. Nxe2 Kh8 19. Rd1 Rad8 20. Rgd3
Rfe8 21. Rxd6 Rxd6 22. Rxd6 Rxe4 23. Ng3 Nxf4 24. Nxe4 Ne2+ 25. Kf2 1-0

[Event "Guernsey Holiday 2011"]
[Site "Guernsey, Channel Islands"]
[Date "2011.10.20"]
[Round "5"]
[White "Errington, Paul"]
[Black "Brookes, Jean Paul"]
[Result "1-0"]
[WhiteElo "1752"]
[BlackElo "1597"]
[PlyCount "49"]
[EventDate "2011.10.16"]
[EventType "swiss"]
[EventRounds "7"]
[SourceDate "2011.11.16"]

1. d4 e6 2. Nf3 d5 3. g3 c5 4. e3 Nf6 5. Bg2 Nc6 6. O-O Bd7 7. b3 Rc8 8. a3 a5
9. Nbd2 Qb6 10. c3 Bd6 11. Bb2 O-O 12. c4 Ne4 13. Rb1 Nxd2 14. Qxd2 f6 15. cxd5
exd5 16. dxc5 Qxc5 17. Rfc1 Qb5 18. Bf1 Qxb3 19. Rc3 Ne5 20. Nxe5 Rxc3 21. Bxc3
Qxb1 22. Qxd5+ Kh8 23. Nxd7 Bxa3 24. Nxf8 Bxf8 25. Qd8 1-0

[Event "Guernsey Holiday 2011"]
[Site "Guernsey, Channel Islands"]
[Date "2011.10.20"]
[Round "5"]
[White "Cox, Marian"]
[Black "Wood, Peter C"]
[Result "0-1"]
[WhiteElo "1440"]
[BlackElo "1728"]
[PlyCount "86"]
[EventDate "2011.10.16"]
[EventType "swiss"]
[EventRounds "7"]
[SourceDate "2011.11.16"]

1. e4 e6 2. Nf3 d5 3. exd5 exd5 4. d4 Bd6 5. Nc3 c6 6. Be3 Nf6 7. h3 Bf5 8. Bd3
Bxd3 9. Qxd3 O-O 10. O-O-O Re8 11. Rhe1 Nbd7 12. Bg5 Qc7 13. g3 h6 14. Bd2 Nf8
15. Rxe8 Rxe8 16. Re1 Rxe1+ 17. Bxe1 Qd7 18. g4 g5 19. Kb1 Ng6 20. Bd2 Qe6 21.
Qf5 Qxf5 22. gxf5 Ne7 23. h4 g4 24. Ne5 Nxf5 25. Ne2 Kg7 26. Ng3 Nxg3 27. fxg3
Bxe5 28. dxe5 Nh5 29. Be1 Kg6 30. Kc1 Kf5 31. Kd1 Kxe5 32. Ke2 Ke4 33. Kf2 Ng7
34. Bd2 h5 35. Ke2 Nf5 36. Kf2 Nd4 37. c3 Nf5 38. a4 Kd3 39. Be1 a6 40. a5 Kc2
41. b4 Kd3 42. Kf1 Ne3+ 43. Kf2 Nd1+ 0-1

[Event "Guernsey Holiday 2011"]
[Site "Guernsey, Channel Islands"]
[Date "2011.10.20"]
[Round "5"]
[White "Foster, Paul"]
[Black "Bennett, David"]
[Result "1-0"]
[WhiteElo "1720"]
[BlackElo "1352"]
[PlyCount "69"]
[EventDate "2011.10.16"]
[EventType "swiss"]
[EventRounds "7"]
[SourceDate "2011.11.16"]

1. e4 e6 2. d4 c5 3. Nf3 cxd4 4. Nxd4 Bc5 5. Nb3 Be7 6. Bf4 Nf6 7. Nc3 Nc6 8.
e5 Nd5 9. Nxd5 exd5 10. Qg4 g6 11. Qg3 Bh4 12. Qc3 Bg5 13. Bg3 O-O 14. h4 Bh6
15. f4 Bg7 16. Qf3 Ne7 17. O-O-O d6 18. h5 Bf5 19. Bd3 dxe5 20. fxe5 Qc8 21.
Bxf5 Qxf5 22. Nd4 Qxf3 23. gxf3 Bh6+ 24. Kb1 g5 25. Rdf1 Nc6 26. Nf5 Bg7 27. f4
gxf4 28. Bxf4 Kh8 29. Nxg7 Kxg7 30. Rhg1+ Kh8 31. Bg5 h6 32. Bf6+ Kh7 33. Rg7+
Kh8 34. Rfg1 Rg8 35. Rxf7+ 1-0

[Event "Guernsey Holiday 2011"]
[Site "Guernsey, Channel Islands"]
[Date "2011.10.20"]
[Round "5"]
[White "Van Beek, Ronald"]
[Black "Goman, Colin"]
[Result "0-1"]
[WhiteElo "1374"]
[BlackElo "1631"]
[PlyCount "62"]
[EventDate "2011.10.16"]
[EventType "swiss"]
[EventRounds "7"]
[SourceDate "2011.11.16"]

1. d4 d6 2. Nf3 Nf6 3. Nc3 Bf5 4. e3 a6 5. Bd3 e6 6. Bxf5 exf5 7. O-O d5 8. a3
Bd6 9. b4 Nc6 10. Re1 Ne7 11. h3 c6 12. Ne2 Qc7 13. Nf4 Ne4 14. Nh2 g5 15. f3
Nf6 16. e4 fxe4 17. fxe4 Nxe4 18. Ng4 gxf4 19. c4 h5 20. c5 hxg4 21. cxd6 Qxd6
22. Qxg4 Rg8 23. Qf3 Rg3 24. Bxf4 Rxf3 25. Bxd6 Rf5 26. Bh2 Kd7 27. g4 Rg5 28.
Bf4 Rg6 29. Rf1 f5 30. Kh2 fxg4 31. Rg1 Rh8 0-1

[Event "Guernsey Holiday 2011"]
[Site "Guernsey, Channel Islands"]
[Date "2011.10.20"]
[Round "5"]
[White "Le Maitre, Richard"]
[Black "Kok, Franciscus"]
[Result "1/2-1/2"]
[WhiteElo "1418"]
[BlackElo "1583"]
[PlyCount "67"]
[EventDate "2011.10.16"]
[EventType "swiss"]
[EventRounds "7"]
[SourceDate "2011.11.16"]

1. Nf3 d5 2. g3 e6 3. Bg2 Nf6 4. d4 b6 5. O-O Be7 6. a3 a5 7. Nc3 O-O 8. Bf4
Bd6 9. Bxd6 Qxd6 10. Nb5 Qd7 11. a4 Nc6 12. Re1 Ba6 13. Nc3 Rae8 14. e3 Qd6 15.
Ne2 e5 16. dxe5 Nxe5 17. Nxe5 Rxe5 18. Nd4 c5 19. Nf3 Re7 20. Nh4 Qd7 21. e4 d4
22. e5 Nd5 23. Qf3 Bb7 24. Qb3 Nb4 25. Bxb7 Qxb7 26. Nf5 Re6 27. Nd6 Qd5 28.
Qxd5 Nxd5 29. Nc4 Rfe8 30. f4 f5 31. Nd6 Rf8 32. Re2 g6 33. Rae1 Rd8 34. Nc4
1/2-1/2

[Event "Guernsey Holiday 2011"]
[Site "Guernsey, Channel Islands"]
[Date "2011.10.20"]
[Round "5"]
[White "Curry, William"]
[Black "Carrick, Peter"]
[Result "1-0"]
[WhiteElo "1528"]
[BlackElo "1384"]
[PlyCount "61"]
[EventDate "2011.10.16"]
[EventType "swiss"]
[EventRounds "7"]
[SourceDate "2011.11.16"]

1. e4 d5 2. exd5 Qxd5 3. Nc3 Qa5 4. h3 Bf5 5. Nf3 h6 6. d4 c6 7. a3 Nf6 8. b4
Qc7 9. Bc4 e6 10. O-O Bd6 11. Re1 O-O 12. Bb3 Nbd7 13. Qe2 Rfe8 14. Ne5 Nb6 15.
g4 Bh7 16. g5 Nfd7 17. gxh6 g6 18. h4 Nf6 19. Ne4 Bxe5 20. dxe5 Qxe5 21. Bg5
Qxe4 22. Bxf6 Qxe2 23. Rxe2 Kf8 24. Rd1 Nd5 25. Bg7+ Ke7 26. Bxd5 Rad8 27. c4
Rd7 28. Ree1 Red8 29. Bf3 Rxd1 30. Bxd1 Rd4 31. Bxd4 1-0

[Event "Guernsey Holiday 2011"]
[Site "Guernsey, Channel Islands"]
[Date "2011.10.20"]
[Round "5"]
[White "Gibzinski, Stanislaw"]
[Black "Herschmann, Heinz"]
[Result "0-1"]
[WhiteElo "1216"]
[BlackElo "1440"]
[PlyCount "78"]
[EventDate "2011.10.16"]
[EventType "swiss"]
[EventRounds "7"]
[SourceDate "2011.11.16"]

1. c4 e5 2. g3 c6 3. e4 g6 4. Bg2 Bg7 5. Ne2 Ne7 6. Nbc3 d6 7. d4 O-O 8. O-O f5
9. f4 exd4 10. Nxd4 fxe4 11. Nxe4 Qb6 12. Be3 Nf5 13. Qb3 Qxb3 14. Nxb3 Nxe3
15. Rf2 Nxc4 16. Rc1 d5 17. Nec5 b6 18. Nd3 Ne3 19. Re1 Nxg2 20. Kxg2 Bf5 21.
Ne5 Bxe5 22. fxe5 Be4+ 23. Kg1 Rxf2 24. Kxf2 Na6 25. Nd2 Nb4 26. Re2 Nd3+ 27.
Kg1 Nxe5 28. Nxe4 dxe4 29. Rxe4 Re8 30. Kg2 Kf7 31. Kf2 Nd3+ 32. Ke3 Rxe4+ 33.
Kxe4 Nxb2 34. Ke5 Ke7 35. h4 Nc4+ 36. Kd4 Nd6 37. g4 Ke6 38. Ke3 Ke5 39. Kf3 c5
0-1

[Event "Guernsey Holiday 2011"]
[Site "Guernsey, Channel Islands"]
[Date "2011.10.21"]
[Round "6"]
[White "Hamann, Marcus"]
[Black "Haisma, Henk"]
[Result "1/2-1/2"]
[WhiteElo "1728"]
[BlackElo "1709"]
[PlyCount "48"]
[EventDate "2011.10.16"]
[EventType "swiss"]
[EventRounds "7"]
[SourceDate "2011.11.16"]

1. e4 c5 2. Nf3 Nc6 3. d4 cxd4 4. Nxd4 d6 5. Nc3 Nf6 6. Be2 e6 7. Be3 Bd7 8.
Ndb5 Bc8 9. Bg5 a6 10. Bxf6 gxf6 11. Nd4 Ne5 12. f4 Nc6 13. Nxc6 bxc6 14. Qd3
Qb6 15. O-O-O Rb8 16. b3 d5 17. Na4 Qa5 18. Qc3 Ba3+ 19. Kb1 Qxa4 20. Qxf6 Rf8
21. exd5 exd5 22. Rxd5 Be7 23. Qe5 Qb4 24. Rd4 Qb6 1/2-1/2

[Event "Guernsey Holiday 2011"]
[Site "Guernsey, Channel Islands"]
[Date "2011.10.21"]
[Round "6"]
[White "Kearsley, Raymond J"]
[Black "Savident, David B"]
[Result "1-0"]
[WhiteElo "1760"]
[BlackElo "1590"]
[PlyCount "53"]
[EventDate "2011.10.16"]
[EventType "swiss"]
[EventRounds "7"]
[SourceDate "2011.11.16"]

1. e4 Nf6 2. e5 Nd5 3. Nc3 Nxc3 4. dxc3 Nc6 5. Nf3 d6 6. Bc4 e6 7. Qe2 d5 8.
Bd3 Be7 9. Be3 b6 10. a4 Na5 11. b4 Nb7 12. Nd4 Bd7 13. Ba6 Qc8 14. O-O c6 15.
f4 g6 16. b5 c5 17. Nc6 Bxc6 18. bxc6 Qc7 19. cxb7 Rd8 20. a5 O-O 21. axb6 axb6
22. Rfb1 d4 23. Bf2 dxc3 24. Qc4 g5 25. Qe4 gxf4 26. Bd3 f5 27. exf6 1-0

[Event "Guernsey Holiday 2011"]
[Site "Guernsey, Channel Islands"]
[Date "2011.10.21"]
[Round "6"]
[White "Ruigrok, Jacques"]
[Black "Brooker, Chris H"]
[Result "1/2-1/2"]
[WhiteElo "1760"]
[BlackElo "1712"]
[PlyCount "53"]
[EventDate "2011.10.16"]
[EventType "swiss"]
[EventRounds "7"]
[SourceDate "2011.11.16"]

1. e4 e6 2. d4 d5 3. e5 c5 4. c3 Nc6 5. Nf3 Bd7 6. Bd3 Nge7 7. O-O Nf5 8. Bxf5
exf5 9. dxc5 Be6 10. Be3 Be7 11. Bd4 O-O 12. b4 Qc7 13. Na3 a6 14. b5 Nd8 15.
Qb3 Bxc5 16. Bxc5 Qxc5 17. Nd4 axb5 18. Naxb5 Nc6 19. Nxc6 bxc6 20. Nd4 Ra3 21.
Qb7 Rxc3 22. Nxe6 fxe6 23. Qd7 Rc2 24. Qxe6+ Kh8 25. Qd6 g6 26. Qxc5 Rxc5 27.
Rfc1 1/2-1/2